Países de Europa en un mapa sin fronteras - ¡Muerte Súbita! - Estadísticas

Estadísticas generales
  • Esta prueba ha sido intentada 42.252 veces
  • La puntuación promedio es 9 de 45
Respuestas en el mapa
Las respuestas están codificadas por una escala verde-roja en el mapa de la prueba según el % correcto abajo.
 
Estadísticas de respuestas
País % Correcto
España
32%
Italia
32%
Reino Unido
32%
Francia
31%
Islandia
31%
Portugal
31%
Grecia
30%
Irlanda
30%
Rusia
30%
Alemania
29%
Dinamarca
29%
Noruega
29%
Suecia
29%
Finlandia
28%
Polonia
25%
Ucrania
25%
Malta
23%
Países Bajos
23%
Estonia
22%
Andorra
20%
Bélgica
20%
Bielorrusia
20%
Suiza
20%
Croacia
19%
Letonia
19%
Rumania
18%
Albania
17%
Austria
17%
Bulgaria
17%
Lituania
17%
Bosnia y Herzegovina
16%
RepúblicaCheca
16%
Ciudad delVaticano
15%
Eslovenia
15%
Mónaco
15%
San Marino
14%
Serbia
14%
Hungría
13%
Luxemburgo
13%
Macedoniadel Norte
13%
Moldavia
13%
Eslovaquia
11%
Kosovo
11%
Montenegro
11%
Liechtenstein
10%
No se encontraron pruebas coincidentes
Distribución de puntuación
Porcentaje de gente con cada puntuación
Porcentaje por número respondido
Historial de tus puntuaciones
No has intentado esta prueba.